| 000 | 01273ncm a2200373 a 4500 | ||
|---|---|---|---|
| 999 |
_c297038 _d297038 |
||
| 003 | BLK | ||
| 005 | 20250131151217.0 | ||
| 008 | 180414b bul |a|er|||| |0| c|bulo| | ||
| 010 | _aNOT00000388000 | ||
| 040 | _aBLK | ||
| 041 |
_aDEU _cDEU |
||
| 080 |
_aКомични опери. Опера-буфа _b782.7 _z782.7 |
||
| 100 | 1 |
_aРосини, Джоакино _eпърви автор _9387561 |
|
| 139 |
_aРосини, Джоакино _bР 86 |
||
| 245 | 1 | 0 |
_aDie Liebesprobe _bKomische Oper in zwei Akten _cДжоакино Росини; * Gioacchino Rossini; либрето Luigi Romanelli. |
| 246 | 1 | 1 | _aLa Pieta del Paragone |
| 254 | _aКлавир | ||
| 257 | _aDEU | ||
| 260 |
_aBerlin _bBarenreiter 3496a _c1962 |
||
| 300 |
_a353 с. _c28 см |
||
| 380 | _a7 | ||
| 500 | _aТекст на нем. ез. | ||
| 650 | 4 |
_aОпера, комична _9315976 |
|
| 653 | _aкомични опери | ||
| 700 |
_aRossini, Gioacchino _9387746 |
||
| 700 | 1 |
_aRomanelli, Luigi _eлибрето _9361652 |
|
| 852 |
_aЦб М ІІ 7261 _p0 |
||
| 856 | 4 |
_qpdf _u _i40.40 _ldisable |
|
| 856 | 4 |
_qpdf _u _i40.40 _ldisable |
|
| 942 |
_cNOT _n0 _s1 |
||
| 944 |
_aCR _c18.12.2003 _k30560 _lГеновева Генчева |
||
| 944 |
_aED _c11.10.2010 |
||
| 999 | _d297038 | ||